| 000 | 01021cam a22003011 4500 | ||
|---|---|---|---|
| 001 | 5737 | ||
| 003 | FISKH | ||
| 005 | 20250612102517.0 | ||
| 008 | 741112s1960 nyua j 000 1 eng | ||
| 010 | _a 60014096 | ||
| 020 | _a9780064440721 | ||
| 040 |
_aDLC _cOClCo _dOCoLC _dDLC _beng |
||
| 050 | _aPZ7.H672 | ||
| 082 | _a813.6 | ||
| 100 | 1 |
_aHoff, Syd, _d1912-2004. |
|
| 245 | 1 | 0 |
_aWho will be my friends? _cStory and pictures by Syd Hoff. |
| 260 |
_aNew York : _bHarper Collins Publisher, _c1960. |
||
| 300 |
_a32 pages ; _bcolor illustrations ; _c23 cm |
||
| 440 | 3 | _aAn Early I can read book | |
| 505 | _aG | ||
| 520 | _aHe likes his new room and his new street. The policeman and the mailman are very nice. But what Freddy really needs are friends-and he looks everywhere until he finds them! | ||
| 521 | 8 |
_a360
_bLexile |
|
| 521 | 8 |
_aG
_bRaz-Plus |
|
| 650 |
_aBaseball _vFriends _xMoving |
||
| 906 |
_a7 _bcbc _coclcrpl _du _encip _f19 _gy-gencatlg |
||
| 942 |
_2ddc _cBK _n0 |
||
| 999 |
_c5737 _d5737 |
||